How to reform the common agricultural policy (Record no. 102456)

MARC details
000 -LEADER
fixed length control field 00860cam a2200253 4500
008 - FIXED-LENGTH DATA ELEMENTS--GENERAL INFORMATION
fixed length control field 021003n2002 000 0 eng u
020 ## - INTERNATIONAL STANDARD BOOK NUMBER
International Standard Book Number 1903558174
035 ## - SYSTEM CONTROL NUMBER
System control number (Sirsi) u120003
050 ## - LIBRARY OF CONGRESS CALL NUMBER
Classification number 338.181
-- 18
100 ## - MAIN ENTRY--PERSONAL NAME
Personal name Thurston, J.
245 ## - TITLE STATEMENT
Title How to reform the common agricultural policy
260 ## - PUBLICATION, DISTRIBUTION, ETC.
Place of publication, distribution, etc. London
Name of publisher, distributor, etc. Foreign Policy Centre
Date of publication, distribution, etc. 2002
300 ## - PHYSICAL DESCRIPTION
Extent xv,80p.
Dimensions 21cm.
350 ## - PRICE (NR) (BK AM CF MU VM SE) [OBSOLETE]
Price 14.95
490 ## - SERIES STATEMENT
Series statement European Rural Communities Paper
Volume/sequential designation 1
520 ## - SUMMARY, ETC.
Summary, etc. Examines the politics of reform of the Common Agricultural Policy (CAP), presenting a 'road map for reform' and setting out steps that could help those involved with reform achieve their goals.
650 ## - SUBJECT ADDED ENTRY--TOPICAL TERM
Topical term or geographic name entry element COMMON AGRICULTURAL POLICY
650 ## - SUBJECT ADDED ENTRY--TOPICAL TERM
Topical term or geographic name entry element CAP REFORM
650 ## - SUBJECT ADDED ENTRY--TOPICAL TERM
Topical term or geographic name entry element EUROPEAN UNION
650 ## - SUBJECT ADDED ENTRY--TOPICAL TERM
Topical term or geographic name entry element FARM SUBSIDIES
690 ## - LOCAL SUBJECT ADDED ENTRY--TOPICAL TERM (OCLC, RLIN)
Topical term or geographic name as entry element Rural
9 (RLIN) 6268
700 ## - ADDED ENTRY--PERSONAL NAME
Personal name Haskins, C.
942 ## - ADDED ENTRY ELEMENTS (KOHA)
Suppress in OPAC 0
Holdings
Withdrawn status Lost status Source of classification or shelving scheme Damaged status Not for loan Home library Current library Shelving location Date acquired Cost, normal purchase price Total Checkouts Full call number Barcode Date last seen Date last checked out Copy number Cost, replacement price Price effective from Koha item type
    Dewey Decimal Classification     London London Books 20/11/2002 12.71 1 338.181 THU 30068026 06/08/2019 20/11/2002 1 12.71 06/08/2019 Book